<?xml version="1.0" encoding="UTF-8"?>
<record
    xmlns:xsi="http://www.w3.org/2001/XMLSchema-instance"
    xsi:schemaLocation="http://www.loc.gov/MARC21/slim http://www.loc.gov/standards/marcxml/schema/MARC21slim.xsd"
    xmlns="http://www.loc.gov/MARC21/slim">

  <leader>00928nam a2200205 i 4500</leader>
  <controlfield tag="001">855</controlfield>
  <controlfield tag="003">KOSZ 005</controlfield>
  <controlfield tag="005">20171123102747.0</controlfield>
  <controlfield tag="008">141010s2000    pl     f t   |000 0 pol</controlfield>
  <datafield tag="040" ind1=" " ind2=" ">
    <subfield code="c">BPK</subfield>
    <subfield code="d">KOSZ 005/HR</subfield>
  </datafield>
  <datafield tag="080" ind1=" " ind2=" ">
    <subfield code="a">628.3</subfield>
  </datafield>
  <datafield tag="100" ind1="1" ind2=" ">
    <subfield code="a">PIECUCH, Tadeusz.</subfield>
    <subfield code="d">1996 - .</subfield>
    <subfield code="b">Politechnika Koszali&#x144;ska - Wydzia&#x142; Budownictwa i In&#x17C;ynierii &#x15A;rodowiska,</subfield>
    <subfield code="c">Katedra Technologii Wody, &#x15A;ciek&#xF3;w i Odpad&#xF3;w</subfield>
  </datafield>
  <datafield tag="245" ind1="1" ind2="0">
    <subfield code="a">Opracowanie projektu podczyszczania &#x15B;ciek&#xF3;w wg koncepcji NR BZ-501.01/39.99 z grudnia 1999 r. oraz koordynacja dostaw urz&#x105;dze&#x144; i uruchomienia instalacji uk&#x142;adu oczyszczania &#x15B;ciek&#xF3;w /</subfield>
    <subfield code="c">Tadeusz Piecuch i in. ; Katedra Technologii Wody, &#x15A;ciek&#xF3;w i Odpad&#xF3;w Politechniki Koszali&#x144;skiej.</subfield>
  </datafield>
  <datafield tag="260" ind1=" " ind2=" ">
    <subfield code="a">Koszalin,</subfield>
    <subfield code="c">2000.</subfield>
  </datafield>
  <datafield tag="500" ind1=" " ind2=" ">
    <subfield code="a">Dane z bibliografii za&#x142;&#x105;cznikowej.</subfield>
  </datafield>
  <datafield tag="650" ind1=" " ind2="0">
    <subfield code="a">&#x15A;cieki.</subfield>
  </datafield>
  <datafield tag="650" ind1=" " ind2="0">
    <subfield code="a">Oczyszczalnia &#x15B;ciek&#xF3;w.</subfield>
  </datafield>
  <datafield tag="655" ind1=" " ind2="0">
    <subfield code="a">Raport z bada&#x144;</subfield>
  </datafield>
  <datafield tag="942" ind1=" " ind2=" ">
    <subfield code="c">MN</subfield>
    <subfield code="2">UKD</subfield>
  </datafield>
  <datafield tag="999" ind1=" " ind2=" ">
    <subfield code="c">855</subfield>
    <subfield code="d">855</subfield>
  </datafield>
  <datafield tag="952" ind1=" " ind2=" ">
    <subfield code="0">0</subfield>
    <subfield code="1">0</subfield>
    <subfield code="4">0</subfield>
    <subfield code="7">0</subfield>
    <subfield code="a">BPK</subfield>
    <subfield code="b">BPK</subfield>
    <subfield code="y">MN</subfield>
  </datafield>
</record>
